Normal view
MARC view
- Briscoe, John
Entry Personal Name
001 - CONTROL NUMBER
- control field: 7710
003 - CONTROL NUMBER IDENTIFIER
- control field: OSt
005 - DATE AND TIME OF LATEST TRANSACTION
- control field: 20250812154625.0
008 - FIXED-LENGTH DATA ELEMENTS
- fixed length control field: 250812|| aca||aabn | a|a d
040 ## - CATALOGING SOURCE
- Original cataloging agency: OSt
- Transcribing agency: OSt
100 ## - HEADING--PERSONAL NAME
- Personal name: Briscoe, John
670 ## - SOURCE DATA FOUND
- Source citation: Work cat.: (OSt)13268: Briscoe, John ., Hand book of water resources in India: development, management and strategies / , 2007.
